ABBA - Chansons dans Mamma Mia #1 - Statistiques

Statistiques générales
  • Ce quiz a été pris 359 fois
  • Le résultat moyen est 6 sur 17
Answers on the Grid
Answers color-coded by a green-red scale on the quiz's grid according to % correct below.
Andante, Andante
Angel Eyes
Another Town, Another Train
Chiquitita
Dancing Queen
Does Your Mother Know
Fernando
I Am Just a Girl
I Do, I Do, I Do, I Do, I Do
I Wonder (Departure)
I've Been Waiting for You
Kisses of Fire
Knowing Me, Knowing You
Lay All Your Love on Me
Love Isn't Easy (But It Sure Is Hard Enough)
Mamma Mia
Money, Money, Money
My Love, My Life
My Mama Said
On and On and On
People Need Love
She's My Kind of Girl
Should I Laugh or Cry
Super Trouper
Take a Chance on Me
The Winner Takes It All
When All Is Said and Done
Why Did It Have to Be Me
 
Statistiques - réponses
Réponse % Correct
Dancing Queen
89%
Chiquitita
78%
Does Your Mother Know
63%
Mamma Mia
50%
Money, Money, Money
44%
Super Trouper
44%
The Winner Takes It All
41%
Fernando
38%
Lay All Your Love on Me
37%
Take a Chance on Me
37%
Angel Eyes
35%
Andante, Andante
27%
Knowing Me, Knowing You
13%
My Love, My Life
8%
When All Is Said and Done
8%
Kisses of Fire
5%
I Wonder (Departure)
3%
Aucun quiz correspondant
Distribution des résultats
% des personnes avec chaque résultat
Percentile par nombre de réponses
Votre historique - résultats
Vous n’avez pas pris ce quiz